00529nam a2200181Ia 4500008004100000020001800041050001400059100001800073245003500091245001800126260001500144260001800159260000900177300001400186300002500200999001900225952010300244180207s9999 xx 000 0 und d a9780140566529 bW191 2000 aWallace, John aTiny rabbit goes to the park / cJohn Wallace. aNew York : bPuffin Books, c2000 aunpaged : bcolor illustration ; c355272d355272 001040aSSISMbSSISMd2018-02-07l0oER W191 2000pSSISM4817r2018-02-07 00:00:00w2018-02-07yBK